000 00893nam a2200301 a 4500
001 000109871
003 CHAP
005 20220329144107.0
008 140604s2012 mx ad |rm |0|||||spa d
010 _a106333
011 _a107305
040 _cCHAP
090 _aTesis
100 1 _aNava Alejo, Edgar
_9127192
245 1 0 _aRendimiento y crecimiento de genotipos de jitomate indeterminado /
_cpor Edgar Nava Alejo.
260 _aCocula, Gro. :
_bEl autor,
_c2012.
300 _axxiii, 144 h.
502 _aTesis (Ing. Agr. Fitotecnista) -- CSAEGRO
590 _aE11695DGD
_b10
_c20160407
_lUCH01
_h1508
590 _aE5652GLJ
_b05
_c20140604
_lUCH01
_h1222
650 1 4 _aTomate
_xCrecimiento.
_9113702
650 1 4 _aTomate
_xGenética.
_9113726
650 1 4 _aTomate
_xRendimiento.
_9113761
650 1 4 _aTomate
_xVariedades.
_9113777
901 _aBK
942 _cTESIS
942 _n0
999 _c106333
_d106333